000 02116nam a22002057a 4500
008 250702b |||||||| |||| 00| 0 eng d
020 _a9781398618084
040 _ctbs
041 _aeng
050 _aHF5549.5.A2
_bK36 2025
100 _aKandola, Binna
_924925
_eauthor
245 _aDesigning for diversity
_b: developing inclusive and equitable talent management processes
_c/ Binna Kandola.
260 _aLondon :
_bKogan Page,
_c2025.
300 _a168 pages :
_billustrations ;
_c24 cm.
520 _aWhat measures do you use to spot talent and assess employee performance? How do you decide who gets promoted? Are these methods fair and inclusive? Talent management is a cornerstone of modern organizational strategy but it has consistently fallen short in achieving meaningful diversity. Designing for Diversity challenges the deeply rooted assumptions that have shaped traditional talent management systems and critiques the philosophies that often reinforce the status quo. This book then offers actionable strategies to create systems and processes that genuinely identify and nurture individuals with leadership potential. While many DEI efforts aim to signal progress, they can inadvertently sustain inertia. This book empowers organizations to move beyond surface-level solutions and implement practices that drive real, measurable change. It explores each element of talent management from performance management systems and talent identification methods, through to talent development and promotion processes. This book also examines the limitations of target setting and the benefits of both formal and informal mentoring. The results is a new paradigm for identifying leaders, fostering diversity, and enhancing competition for senior roles. Whether you're a business leader, HR professional or advocate for equity in the workplace, Designing for Diversity is your essential guide to creating a future where talent management and diversity thrive together.
650 0 _aPersonnel management
_9680
650 0 _aDiversity in the workplace
_97273
650 0 _aAbility
_97350
942 _2lcc
999 _c4808
_d4808